00415nam a2200145Ia 4500008004100000020001500041041000800056082001500064100001800079245008600097250000600183260004400189300001600233650002000249210716s2004 xx 000 0 und d a8178813815 aeng a174.4 CHAV aChary, V R K. aEthics in accounting: global cases and experiences.bGlobal cases and experiences a1 aHyderabadbICFAI University Pressc2004 aii,282,A-14 aBusiness Ethics